|
|
|
|
| LEADER |
01548nam a2200397 a 4500 |
| 001 |
28828 |
| 003 |
BD-DhAAL |
| 005 |
20150110102120.0 |
| 008 |
150110s1997 nyu 000 1 eng |
| 010 |
|
|
|a 97013825
|
| 020 |
|
|
|a 0684842696
|
| 040 |
|
|
|a DLC
|c DLC
|d DLC
|d OCoLC
|d DLC
|d BD-DhAAL
|
| 043 |
|
|
|a n-us-ny
|
| 050 |
0 |
0 |
|a PS3554.E4425
|b U53 1997
|
| 082 |
0 |
0 |
|a 813/.54
|2 21
|
| 100 |
1 |
|
|a DeLillo, Don.
|9 7242
|
| 245 |
1 |
0 |
|a Underworld /
|c Don DeLillo.
|
| 260 |
|
|
|a New York, NY :
|b Scribner,
|c c1997.
|
| 300 |
|
|
|a 827 p. ;
|c 25 cm.
|
| 541 |
|
|
|e 28828
|
| 611 |
2 |
0 |
|a World Series (Baseball)
|v Fiction.
|9 7243
|
| 650 |
|
0 |
|a Public relations
|v Fiction.
|9 7244
|
| 650 |
|
0 |
|a Fathers and sons
|v Fiction.
|9 6185
|
| 650 |
|
0 |
|a Women artists
|v Fiction.
|9 7245
|
| 650 |
|
0 |
|a Ex-convicts
|v Fiction.
|9 7246
|
| 650 |
|
0 |
|a Executives
|v Fiction.
|9 7247
|
| 650 |
|
0 |
|a Baseballs
|v Fiction.
|9 7248
|
| 650 |
|
0 |
|a Cold War
|v Fiction.
|9 7249
|
| 651 |
|
0 |
|a New York (N.Y.)
|v Fiction.
|9 7250
|
| 655 |
|
7 |
|a Psychological fiction.
|2 lcsh
|9 5686
|
| 655 |
|
7 |
|a Domestic fiction.
|2 lcsh
|9 5618
|
| 856 |
4 |
2 |
|3 Contributor biographical information
|u http://www.loc.gov/catdir/enhancements/fy0645/97013825-b.html
|
| 856 |
4 |
2 |
|3 Publisher description
|u http://www.loc.gov/catdir/enhancements/fy0645/97013825-d.html
|
| 942 |
|
|
|2 ddc
|c BK
|
| 999 |
|
|
|c 33430
|d 33430
|
| 952 |
|
|
|0 0
|1 0
|2 ddc
|4 0
|6 813_540000000000000_DEL
|7 0
|9 44679
|a BRACUL
|b BRACUL
|c GEN
|d 2015-01-10
|e BRAC Institute of Language (BIL)
|l 0
|o 813.54 DEL
|p 3010028828
|r 2015-01-10
|t 1
|w 2015-01-10
|y BK
|x Transferred from BIL to BRACUL on 06/06/22
|